Presupuesto de la nación y la maquila de leyes /
Gorde:
| Egile nagusia: | |
|---|---|
| Formatua: | Texto |
| Gaiak: | |
| Etiketak: |
Etiketa erantsi
Etiketarik gabe, Izan zaitez lehena erregistro honi etiketa jartzen!
|
MARC
| LEADER | 00000 a a2200000 04500 | ||
|---|---|---|---|
| 001 | 6229 | ||
| 003 | |||
| 040 | |||
| 100 | |a Martínez Peñate, Oscar | ||
| 245 | |a Presupuesto de la nación y la maquila de leyes / |c Oscar Martínez Peñate | ||
| 650 | |a PRESUPUESTO NACIONAL | ||
| 650 | |a INDUSTRIA DE ENSAMBLAJE | ||
| 650 | |a LEGISLACION | ||
| 650 | |a SINDICATOS | ||
| 650 | |a PARTIDOS POLITICOS | ||
| 773 | |g volumen 18, número 804; páginas 11-12 | ||
| 999 | |c 21629 |d 21629 | ||
